000 00451nam a2200145Ia 4500
008 231129s1990||||xx |||||||||||||| ||spa||
020 _a84-7615-496-8
040 _bspa
082 _a612.67 S227e
100 _aSan Martí­n Hernán
245 0 _aEpidemiologí­a de la vejez: ¿Qué edad tendrá usted cuando cumpla 70 años?
260 _c1990
264 _aInteramericana; McGraw-Hill
942 _2ddc
_cBKS
999 _c13229
_d13229